| 000 | 00978cam a22002894a 4500 | ||
|---|---|---|---|
| 001 | 13193511 | ||
| 003 | NUST - PNEC | ||
| 005 | 20170116180814.0 | ||
| 008 | 020626s2002 enka b 001 0 eng | ||
| 010 | _a 2003446585 | ||
| 020 | _a0713995033 | ||
| 035 | _a(UkLWHE)b000181103 | ||
| 040 |
_aDLC _cLIBRARY _dDLC |
||
| 042 | _apcc | ||
| 050 | 0 | 0 |
_aQ125 _b.G84 2002 |
| 082 | 0 | 0 | _a509 GRI |
| 100 | 1 |
_aGribbin, John, _d1946- |
|
| 245 | 1 | 0 |
_aScience, a history, 1543-2001 _cJohn Gribbin. |
| 260 |
_aLondon ; _aNew York : _bAllen Lane, _c2002. |
||
| 300 |
_axxii, 646 p. : _bill. ; _c24 cm. |
||
| 504 | _aIncludes bibliographical references (p. 617-623) and index. | ||
| 648 | _xHistory. | ||
| 650 | 0 |
_aScience _xGeneral |
|
| 906 |
_a7 _bcbc _corigres _d1 _encip _f20 _gy-gencatlg |
||
| 942 |
_2ddc _cBK |
||
| 999 |
_c63468 _d63468 |
||